1990s Movies on the IMDb Top 250 - Statistics

General Stats
  • This quiz has been taken 154 times
  • The average score is 12 of 40
Answer Stats
Top 250
Rank
Year Rating Movie % Correct
1 1994 9.3 The Shawshank Redemption
86%
8 1994 8.9 Pulp Fiction
77%
11 1994 8.8 Forrest Gump
75%
16 1999 8.7 The Matrix
67%
7 1993 9 Schindler's List
61%
17 1990 8.7 Goodfellas
56%
13 1999 8.8 Fight Club
55%
141 1993 8.2 Jurassic Park
45%
24 1998 8.6 Saving Private Ryan
45%
36 1994 8.5 The Lion King
45%
74 1995 8.3 Toy Story
45%
98 1992 8.3 Reservoir Dogs
44%
20 1995 8.6 Se7en
44%
23 1991 8.6 The Silence of the Lambs
39%
26 1999 8.6 The Green Mile
38%
78 1999 8.3 American Beauty
36%
142 1995 8.2 Casino
33%
106 1995 8.3 Heat
30%
46 1995 8.5 The Usual Suspects
23%
40 1998 8.5 American History X
19%
80 1995 8.3 Braveheart
19%
79 1997 8.3 Good Will Hunting
19%
44 1994 8.5 Leon The Professional
19%
134 1998 8.2 The Truman Show
17%
27 1997 8.6 Life Is Beautiful
16%
175 1996 8.1 Fargo
14%
123 1997 8.2 L.A. Confidential
14%
143 1999 8.2 The Sixth Sense
14%
149 1992 8.2 Unforgiven
14%
245 1993 8.0 Groundhog Day
11%
173 1996 8.1 Trainspotting
11%
216 1998 8.1 The Big Lebowski
9%
166 1998 8.1 Lock, Stock and Two Smoking Barrels
6%
82 1997 8.3 Princess Mononoke
5%
28 1991 8.6 Terminator 2: Judgement Day
5%
187 1995 8.1 Before Sunrise
3%
194 1993 8.1 In the Name of the Father
2%
240 1999 8.1 The Iron Giant
2%
184 1997 8.2 Children of Heaven
0%
224 1995 8.1 La haine
0%
No matching quizzes found
Score Distribution
Percent of People with Each Score
Percentile by Number Answered
Your Score History
You have not taken this quiz